[Event "GER-chW Blitz 2019"]
[Site "Magdeburg"]
[Date "2019.05.25"]
[Round "10.12"]
[White "Birkholz, Olga"]
[Black "Rath, Alina"]
[Result "1-0"]
[WhiteElo "2031"]
[BlackElo "2042"]
[Annotator "NA"]
[PlyCount "74"]
[EventDate "2019.05.25"]
[EventType "tourn"]
[EventCountry "GER"]
[SourceTitle "playchess.com"]
[Source "ChessBase"]
[SourceQuality "1"]
[TimeControl "180+2"]

1. d4 {[%emt 0:00:00]} d5 {[%emt 0:00:00]} 2. Nc3 {[%emt 0:00:00]} e6 {[%emt 0:00:00]} 3. Bf4 {[%emt 0:00:02]} c5 {[%emt 0:00:04]} 4. e3 {[%emt 0:00:01]} Nf6 {[%emt 0:00:02]} 5. Bd3 {[%emt 0:00:02]} a6 {[%emt 0:00:01]} 6. Nf3 {[%emt 0:00:04]} Nc6 {[%emt 0:00:02]} 7. O-O {[%emt 0:00:03]} Bd6 {[%emt 0:00:02]} 8. Bg3 {[%emt 0:00:11]} O-O {[%emt 0:00:11]} 9. a4 {[%emt 0:00:04]} h6 {[%emt 0:00:18]} 10. b3 {[%emt 0:00:04]} cxd4 {[%emt 0:00:09]} 11. exd4 {[%emt 0:00:02]} Bxg3 {[%emt 0:00:08]} 12. hxg3 {[%emt 0:00:02]} Rb8 {[%emt 0:00:07]} 13. Re1 {[%emt 0:00:08]} Qc7 {[%emt 0:00:08]} 14. Qd2 {[%emt 0:00:03]} Bd7 {[%emt 0:00:07]} 15. Nd1 {[%emt 0:00:08]} b5 {[%emt 0:00:07]} 16. axb5 {[%emt 0:00:08]} axb5 {[%emt 0:00:01]} 17. Nc3 {[%emt 0:00:01]} b4 {[%emt 0:00:19]} 18. Na4 {[%emt 0:00:03]} Bc8 {[%emt 0:00:03]} 19. Rac1 {[%emt 0:00:10]} Qa7 {[%emt 0:00:09]} 20. c4 {[%emt 0:00:13]} bxc3 {[%emt 0:00:33]} 21. Qxc3 {[%emt 0:00:08]} Nb4 {[%emt 0:00:12]} 22. Bb1 {[%emt 0:00:10]} Ba6 {[%emt 0:00:06]} 23. Nc5 {[%emt 0:00:01]} Bc8 {[%emt 0:00:06]} 24. Ne5 {[%emt 0:00:06]} Na6 {[%emt 0:00:07]} 25. Nc6 {[%emt 0:00:02]} Qb6 {[%emt 0:00:06]} 26. Nxb8 {[%emt 0:00:02]} Nxb8 {[%emt 0:00:01]} 27. b4 {[%emt 0:00:04]} Na6 {[%emt 0:00:24]} 28. Nd3 {[%emt 0:00:09]} Bd7 {[%emt 0:00:03]} 29. Qb2 {[%emt 0:00:09]} Bb5 {[%emt 0:00:03]} 30. Nc5 {[%emt 0:00:05]} Bc4 {[%emt 0:00:07]} 31. Nxa6 {[%emt 0:00:06]} Qxa6 {[%emt 0:00:00]} 32. Re3 {[%emt 0:00:05]} Rb8 {[%emt 0:00:02]} 33. Ra3 {[%emt 0:00:09]} Qb6 {[%emt 0:00:03]} 34. Bd3 {[%emt 0:00:05]} Bxd3 {[%emt 0:00:04]} 35. Rxd3 {[%emt 0:00:01]} Qxb4 {[%emt 0:00:02]} 36. Rc8+ {[%emt 0:00:10]} Rxc8 37. Qxb4 Rc1+ {[%emt 0:00:00]} 1-0

[Event "GER-chW Blitz 2019"]
[Site "Magdeburg"]
[Date "2019.05.25"]
[Round "11.1"]
[White "Rath, Alina"]
[Black "Roesler, Hannah Clara Hed"]
[Result "1-0"]
[WhiteElo "2042"]
[BlackElo "1619"]
[Annotator "NA"]
[PlyCount "49"]
[EventDate "2019.05.25"]
[EventType "tourn"]
[EventCountry "GER"]
[SourceTitle "playchess.com"]
[Source "ChessBase"]
[SourceQuality "1"]
[TimeControl "180+2"]

1. c4 {[%emt 0:00:00]} e6 {[%emt 0:00:00]} 2. Nc3 {[%emt 0:00:00]} d5 {[%emt 0:00:01]} 3. d4 {[%emt 0:00:02]} Nf6 {[%emt 0:00:06]} 4. e3 {[%emt 0:00:01]} Bb4 {[%emt 0:00:08]} 5. Nf3 {[%emt 0:00:03]} O-O {[%emt 0:00:14]} 6. Bd3 {[%emt 0:00:01]} Ne4 {[%emt 0:00:08]} 7. Qc2 {[%emt 0:00:14]} f5 {[%emt 0:00:04]} 8. O-O {[%emt 0:00:02]} Bxc3 {[%emt 0:00:03]} 9. bxc3 {[%emt 0:00:02]} c5 {[%emt 0:00:38]} 10. Ba3 {[%emt 0:00:25]} b6 {[%emt 0:00:12]} 11. dxc5 {[%emt 0:00:08]} Nxc5 {[%emt 0:00:28]} 12. Rad1 {[%emt 0:00:07]} Ba6 {[%emt 0:00:30]} 13. Bxc5 {[%emt 0:00:04]} bxc5 {[%emt 0:00:04]} 14. cxd5 {[%emt 0:00:01]} exd5 {[%emt 0:00:21]} 15. Bxa6 {[%emt 0:00:10]} Nxa6 {[%emt 0:00:01]} 16. c4 {[%emt 0:00:01]} Nb4 {[%emt 0:00:10]} 17. Qb3 {[%emt 0:00:15]} Rb8 {[%emt 0:00:06]} 18. cxd5 {[%emt 0:00:07]} Kh8 {[%emt 0:00:08]} 19. d6 {[%emt 0:00:04]} Nc6 {[%emt 0:00:05]} 20. Qd5 {[%emt 0:00:06]} Nb4 {[%emt 0:00:03]} 21. Qxc5 {[%emt 0:00:04]} Nxa2 {[%emt 0:00:05]} 22. Ne5 {[%emt 0:00:07]} Nb4 {[%emt 0:00:04]} 23. Qc4 {[%emt 0:00:17]} Rf6 24. Nf7+ Rxf7 25. Qxf7 1-0

[Event "GER-chW Blitz 2019"]
[Site "Magdeburg"]
[Date "2019.05.25"]
[Round "11.2"]
[White "Silz, Elisa"]
[Black "Birkholz, Olga"]
[Result "1-0"]
[WhiteElo "1977"]
[BlackElo "2031"]
[Annotator "NA"]
[PlyCount "69"]
[EventDate "2019.05.25"]
[EventType "tourn"]
[EventCountry "GER"]
[SourceTitle "playchess.com"]
[Source "ChessBase"]
[SourceQuality "1"]
[TimeControl "180+2"]

1. d4 {[%emt 0:00:00]} g6 {[%emt 0:00:01]} 2. c4 {[%emt 0:00:00]} Bg7 {[%emt 0:00:01]} 3. Nc3 {[%emt 0:00:00]} f5 {[%emt 0:00:01]} 4. Nf3 {[%emt 0:00:03]} d6 {[%emt 0:00:01]} 5. g3 {[%emt 0:00:01]} Nf6 {[%emt 0:00:02]} 6. Bg2 {[%emt 0:00:01]} O-O {[%emt 0:00:01]} 7. O-O {[%emt 0:00:01]} Qe8 {[%emt 0:00:02]} 8. d5 {[%emt 0:00:04]} e5 {[%emt 0:00:04]} 9. dxe6 {[%emt 0:00:02]} Bxe6 {[%emt 0:00:02]} 10. Nd5 {[%emt 0:00:05]} Na6 {[%emt 0:00:19]} 11. Ng5 {[%emt 0:00:05]} Bxd5 {[%emt 0:00:04]} 12. cxd5 {[%emt 0:00:01]} Nc5 {[%emt 0:00:14]} 13. Be3 {[%emt 0:00:11]} Nfe4 {[%emt 0:00:08]} 14. Bxc5 {[%emt 0:00:11]} Nxc5 {[%emt 0:00:03]} 15. b4 {[%emt 0:00:06]} Bxa1 {[%emt 0:00:11]} 16. Qxa1 {[%emt 0:00:01]} Ne4 {[%emt 0:00:07]} 17. Ne6 {[%emt 0:00:02]} Rf7 {[%emt 0:00:02]} 18. f3 {[%emt 0:00:16]} Nd2 {[%emt 0:00:39]} 19. Rd1 {[%emt 0:00:03]} Nc4 {[%emt 0:00:01]} 20. Qc3 {[%emt 0:00:05]} Ne5 {[%emt 0:00:07]} 21. f4 {[%emt 0:00:16]} Ng4 {[%emt 0:00:04]} 22. e4 {[%emt 0:00:25]} c6 {[%emt 0:00:07]} 23. exf5 {[%emt 0:00:07]} gxf5 {[%emt 0:00:01]} 24. Ng5 {[%emt 0:00:10]} Rg7 {[%emt 0:00:13]} 25. Re1 {[%emt 0:00:06]} Re7 {[%emt 0:00:07]} 26. Ne6 {[%emt 0:00:10]} Rc8 {[%emt 0:00:04]} 27. h3 {[%emt 0:00:18]} Nh6 {[%emt 0:00:08]} 28. Qf6 {[%emt 0:00:07]} Qg6 {[%emt 0:00:18]} 29. Qxe7 {[%emt 0:00:04]} Qxg3 {[%emt 0:00:04]} 30. Ng5 {[%emt 0:00:09]} Qh4 {[%emt 0:00:12]} 31. Qxh7+ {[%emt 0:00:09]} Kf8 {[%emt 0:00:02]} 32. Qh8+ {[%emt 0:00:03]} Ng8 {[%emt 0:00:03]} 33. Qxh4 {[%emt 0:00:02]} Kg7 {[%emt 0:00:01]} 34. Qh7+ {[%emt 0:00:02]} Kf8 35. Qf7# 1-0

[Event "GER-chW Blitz 2019"]
[Site "Magdeburg"]
[Date "2019.05.25"]
[Round "11.3"]
[White "Kotyk, Valeriya"]
[Black "Hofmann, Karina"]
[Result "0-1"]
[WhiteElo "1739"]
[BlackElo "1700"]
[Annotator "NA"]
[PlyCount "92"]
[EventDate "2019.05.25"]
[EventType "tourn"]
[EventCountry "GER"]
[SourceTitle "playchess.com"]
[Source "ChessBase"]
[SourceQuality "1"]
[TimeControl "180+2"]

1. d4 {[%emt 0:00:00]} b6 {[%emt 0:00:00]} 2. c4 {[%emt 0:00:01]} Bb7 {[%emt 0:00:00]} 3. Nc3 {[%emt 0:00:01]} g6 {[%emt 0:00:03]} 4. e4 {[%emt 0:00:10]} Bg7 {[%emt 0:00:03]} 5. Be3 {[%emt 0:00:10]} e6 {[%emt 0:00:02]} 6. Nf3 {[%emt 0:00:02]} Ne7 {[%emt 0:00:01]} 7. Nd2 {[%emt 0:00:04]} c5 {[%emt 0:00:04]} 8. d5 {[%emt 0:00:02]} Bxc3 {[%emt 0:00:08]} 9. bxc3 {[%emt 0:00:02]} e5 {[%emt 0:00:01]} 10. Bd3 {[%emt 0:00:11]} d6 {[%emt 0:00:01]} 11. O-O {[%emt 0:00:02]} Nd7 {[%emt 0:00:24]} 12. a4 {[%emt 0:00:05]} a5 {[%emt 0:00:07]} 13. Bh6 {[%emt 0:00:09]} Qc7 {[%emt 0:00:09]} 14. Rb1 {[%emt 0:00:10]} O-O-O {[%emt 0:00:02]} 15. Qg4 {[%emt 0:00:19]} Kb8 {[%emt 0:00:03]} 16. Bg5 {[%emt 0:00:03]} f6 {[%emt 0:00:04]} 17. Bh6 {[%emt 0:00:02]} Rhg8 {[%emt 0:00:08]} 18. Qe6 {[%emt 0:00:05]} Rde8 {[%emt 0:00:13]} 19. Qh3 {[%emt 0:00:13]} g5 {[%emt 0:00:07]} 20. Be2 {[%emt 0:00:18]} Rg6 {[%emt 0:00:02]} 21. Bg4 {[%emt 0:00:03]} Bc8 {[%emt 0:00:08]} 22. Nb3 {[%emt 0:00:06]} Ka7 {[%emt 0:00:05]} 23. Rb2 {[%emt 0:00:02]} Nb8 {[%emt 0:00:21]} 24. f3 {[%emt 0:00:06]} Ng8 {[%emt 0:00:21]} 25. Bxg5 {[%emt 0:00:03]} Rxg5 {[%emt 0:00:04]} 26. Rfb1 {[%emt 0:00:06]} Bxg4 {[%emt 0:00:03]} 27. fxg4 {[%emt 0:00:01]} Nd7 {[%emt 0:00:05]} 28. Qf3 {[%emt 0:00:02]} h5 {[%emt 0:00:11]} 29. gxh5 {[%emt 0:00:03]} Nh6 {[%emt 0:00:02]} 30. Nd2 {[%emt 0:00:10]} Reg8 {[%emt 0:00:01]} 31. Nf1 {[%emt 0:00:03]} Ng4 {[%emt 0:00:03]} 32. h3 {[%emt 0:00:05]} Nh6 {[%emt 0:00:04]} 33. Ne3 {[%emt 0:00:01]} Qd8 {[%emt 0:00:06]} 34. Kh2 {[%emt 0:00:04]} Qf8 {[%emt 0:00:01]} 35. Nf5 {[%emt 0:00:12]} Nxf5 {[%emt 0:00:02]} 36. exf5 {[%emt 0:00:01]} Qg7 {[%emt 0:00:02]} 37. g4 {[%emt 0:00:05]} Qh7 {[%emt 0:00:02]} 38. Rc2 {[%emt 0:00:05]} R8g7 {[%emt 0:00:05]} 39. Rcb2 {[%emt 0:00:01]} Re7 {[%emt 0:00:09]} 40. Qe4 {[%emt 0:00:02]} Qh6 {[%emt 0:00:07]} 41. Rf2 {[%emt 0:00:02]} Rgg7 {[%emt 0:00:02]} 42. Qc2 {[%emt 0:00:03]} Qe3 {[%emt 0:00:01]} 43. Rd1 {[%emt 0:00:09]} e4 {[%emt 0:00:01]} 44. Qd2 {[%emt 0:00:06]} Qxd2 {[%emt 0:00:01]} 45. Rdxd2 {[%emt 0:00:01]} e3 {[%emt 0:00:01]} 46. Rde2 {[%emt 0:00:01]} exf2 {[%emt 0:00:01]} 0-1

[Event "GER-chW Blitz 2019"]
[Site "Magdeburg"]
[Date "2019.05.25"]
[Round "11.4"]
[White "Fuchs, Judith"]
[Black "Siegl, Melina"]
[Result "1-0"]
[WhiteElo "2218"]
[BlackElo "2029"]
[Annotator "NA"]
[PlyCount "41"]
[EventDate "2019.05.25"]
[EventType "tourn"]
[EventCountry "GER"]
[SourceTitle "playchess.com"]
[Source "ChessBase"]
[SourceQuality "1"]
[TimeControl "180+2"]

1. d4 {[%emt 0:00:00]} f5 {[%emt 0:00:01]} 2. g3 {[%emt 0:00:01]} d6 {[%emt 0:00:01]} 3. Bg2 {[%emt 0:00:01]} g6 {[%emt 0:00:01]} 4. h4 {[%emt 0:00:04]} Nf6 {[%emt 0:00:04]} 5. Nc3 {[%emt 0:00:10]} Bg7 {[%emt 0:00:02]} 6. Nh3 {[%emt 0:00:05]} O-O {[%emt 0:00:08]} 7. Ng5 {[%emt 0:00:11]} h6 {[%emt 0:00:08]} 8. Nh3 {[%emt 0:00:06]} Kh7 {[%emt 0:00:09]} 9. Bf4 {[%emt 0:00:08]} Qe8 {[%emt 0:00:03]} 10. Qd2 {[%emt 0:00:24]} e5 {[%emt 0:00:11]} 11. Be3 {[%emt 0:00:03]} Ng4 {[%emt 0:00:12]} 12. dxe5 {[%emt 0:00:23]} dxe5 {[%emt 0:00:02]} 13. Bc5 {[%emt 0:00:02]} Rf7 {[%emt 0:00:10]} 14. O-O-O {[%emt 0:00:03]} b6 {[%emt 0:00:15]} 15. Bxa8 {[%emt 0:00:05]} bxc5 {[%emt 0:00:02]} 16. Bf3 {[%emt 0:00:12]} Nf6 {[%emt 0:00:19]} 17. Qd8 {[%emt 0:00:09]} Qe6 {[%emt 0:00:23]} 18. Nd5 {[%emt 0:00:29]} e4 {[%emt 0:00:35]} 19. Ng5+ {[%emt 0:00:11]} hxg5 {[%emt 0:00:14]} 20. hxg5+ {[%emt 0:00:01]} Nh5 {[%emt 0:00:05]} 21. Bxh5 {[%emt 0:00:06]} 1-0

[Event "GER-chW Blitz 2019"]
[Site "Magdeburg"]
[Date "2019.05.25"]
[Round "11.5"]
[White "Lubbe, Melanie"]
[Black "Muetsch, Annmarie"]
[Result "1/2-1/2"]
[WhiteElo "2278"]
[BlackElo "2266"]
[Annotator "NA"]
[PlyCount "105"]
[EventDate "2019.05.25"]
[EventType "tourn"]
[EventCountry "GER"]
[SourceTitle "playchess.com"]
[Source "ChessBase"]
[SourceQuality "1"]
[TimeControl "180+2"]

1. d4 {[%emt 0:00:00]} Nf6 {[%emt 0:00:00]} 2. Nc3 {[%emt 0:00:00]} d5 {[%emt 0:00:02]} 3. Bf4 {[%emt 0:00:00]} a6 {[%emt 0:00:05]} 4. e3 {[%emt 0:00:03]} e6 {[%emt 0:00:02]} 5. g4 {[%emt 0:00:04]} Bb4 {[%emt 0:00:10]} 6. a3 {[%emt 0:00:17]} Bxc3+ 7. bxc3 {[%emt 0:00:01]} Ne4 {[%emt 0:00:13]} 8. Ne2 {[%emt 0:00:34]} Qh4 {[%emt 0:00:42]} 9. Ng3 {[%emt 0:00:08]} Nxc3 {[%emt 0:00:23]} 10. Qd2 {[%emt 0:00:06]} Ne4 {[%emt 0:00:08]} 11. Nxe4 {[%emt 0:00:16]} dxe4 {[%emt 0:00:01]} 12. Bxc7 {[%emt 0:00:12]} Qxg4 {[%emt 0:00:12]} 13. Be2 {[%emt 0:00:11]} Qf5 {[%emt 0:00:06]} 14. Rg1 {[%emt 0:00:10]} g5 {[%emt 0:00:14]} 15. Bg4 {[%emt 0:00:11]} Qg6 {[%emt 0:00:06]} 16. Qb4 {[%emt 0:00:38]} Nc6 {[%emt 0:00:17]} 17. Qc5 {[%emt 0:00:01]} Qf6 {[%emt 0:00:09]} 18. Rb1 {[%emt 0:00:12]} h5 {[%emt 0:00:22]} 19. Be2 {[%emt 0:00:03]} g4 {[%emt 0:00:02]} 20. Bf4 {[%emt 0:00:07]} Qf5 {[%emt 0:00:09]} 21. Qb6 {[%emt 0:00:13]} Qa5+ {[%emt 0:00:06]} 22. Qxa5 {[%emt 0:00:02]} Nxa5 {[%emt 0:00:01]} 23. Be5 {[%emt 0:00:01]} Rg8 {[%emt 0:00:02]} 24. h3 {[%emt 0:00:04]} f5 {[%emt 0:00:01]} 25. c4 {[%emt 0:00:05]} Nc6 {[%emt 0:00:03]} 26. Bf4 {[%emt 0:00:01]} Ne7 {[%emt 0:00:07]} 27. Kd2 {[%emt 0:00:03]} Ng6 {[%emt 0:00:02]} 28. hxg4 {[%emt 0:00:04]} hxg4 {[%emt 0:00:01]} 29. Bg3 {[%emt 0:00:01]} Rh8 {[%emt 0:00:02]} 30. Rh1 {[%emt 0:00:01]} Kf7 {[%emt 0:00:02]} 31. Rxh8 Nxh8 {[%emt 0:00:01]} 32. Kc3 {[%emt 0:00:03]} Ng6 {[%emt 0:00:02]} 33. d5 {[%emt 0:00:01]} exd5 34. cxd5 {[%emt 0:00:01]} b5 {[%emt 0:00:05]} 35. Kd4 {[%emt 0:00:01]} Bb7 {[%emt 0:00:02]} 36. Bd1 {[%emt 0:00:04]} Ke7 {[%emt 0:00:05]} 37. Bb3 {[%emt 0:00:01]} Kd7 38. Rc1 {[%emt 0:00:00]} Rc8 {[%emt 0:00:03]} 39. Rxc8 {[%emt 0:00:02]} Bxc8 {[%emt 0:00:02]} 40. Kc5 {[%emt 0:00:02]} Bb7 {[%emt 0:00:02]} 41. d6 {[%emt 0:00:02]} Nf8 {[%emt 0:00:02]} 42. Bf7 {[%emt 0:00:02]} Ne6+ {[%emt 0:00:02]} 43. Bxe6+ {[%emt 0:00:01]} Kxe6 {[%emt 0:00:01]} 44. Kb6 {[%emt 0:00:02]} Bc8 {[%emt 0:00:01]} 45. Kc7 {[%emt 0:00:01]} Bd7 {[%emt 0:00:01]} 46. Kb6 {[%emt 0:00:02]} Bc8 {[%emt 0:00:04]} 47. Kc7 {[%emt 0:00:01]} Bd7 {[%emt 0:00:00]} 48. Kd8 {[%emt 0:00:00]} Bc6 {[%emt 0:00:02]} 49. Kc7 {[%emt 0:00:01]} Bd7 {[%emt 0:00:01]} 50. Kb6 {[%emt 0:00:00]} Bc8 {[%emt 0:00:01]} 51. Kc7 {[%emt 0:00:04]} Bd7 {[%emt 0:00:01]} 52. Kb6 {[%emt 0:00:01]} Bc8 {[%emt 0:00:01]} 53. Kc7 {[%emt 0:00:03] Ke5} 1/2-1/2

[Event "GER-chW Blitz 2019"]
[Site "Magdeburg"]
[Date "2019.05.25"]
[Round "11.6"]
[White "Ries, Jutta"]
[Black "Michna, Marta"]
[Result "1/2-1/2"]
[WhiteElo "2017"]
[BlackElo "2355"]
[Annotator "NA"]
[PlyCount "62"]
[EventDate "2019.05.25"]
[EventType "tourn"]
[EventCountry "GER"]
[SourceTitle "playchess.com"]
[Source "ChessBase"]
[SourceQuality "1"]
[TimeControl "180+2"]

1. f4 {[%emt 0:00:00]} d6 {[%emt 0:00:01]} 2. Nf3 {[%emt 0:00:01]} Nf6 {[%emt 0:00:01]} 3. b3 {[%emt 0:00:11]} g6 {[%emt 0:00:05]} 4. Bb2 {[%emt 0:00:00]} Bg7 {[%emt 0:00:01]} 5. e3 {[%emt 0:00:01]} O-O {[%emt 0:00:01]} 6. Be2 {[%emt 0:00:01]} c6 {[%emt 0:00:04]} 7. O-O {[%emt 0:00:02]} a5 {[%emt 0:00:01]} 8. c4 {[%emt 0:00:11]} Nbd7 {[%emt 0:00:08]} 9. Nc3 {[%emt 0:00:02]} Re8 {[%emt 0:00:16]} 10. d4 {[%emt 0:00:05]} Qc7 {[%emt 0:00:16]} 11. Qd2 {[%emt 0:00:05]} Nb6 {[%emt 0:00:32]} 12. e4 {[%emt 0:00:15]} a4 {[%emt 0:00:05]} 13. e5 {[%emt 0:00:17]} Nfd7 {[%emt 0:00:09]} 14. Ne4 {[%emt 0:00:03]} Nf8 {[%emt 0:00:06]} 15. Bd3 {[%emt 0:00:27]} d5 {[%emt 0:00:04]} 16. Ng3 {[%emt 0:00:05]} e6 {[%emt 0:00:04]} 17. c5 {[%emt 0:00:02]} Nbd7 {[%emt 0:00:05]} 18. b4 {[%emt 0:00:05]} a3 {[%emt 0:00:05]} 19. Bc3 {[%emt 0:00:00]} b6 {[%emt 0:00:14]} 20. Rab1 {[%emt 0:00:05]} h6 {[%emt 0:00:23]} 21. Rfc1 {[%emt 0:00:13]} Ba6 {[%emt 0:00:06]} 22. Bxa6 {[%emt 0:00:19]} Rxa6 {[%emt 0:00:00]} 23. Qd3 {[%emt 0:00:03]} Rea8 {[%emt 0:00:02]} 24. Nd2 {[%emt 0:00:14]} h5 {[%emt 0:00:07]} 25. Ne2 {[%emt 0:00:04]} Nh7 {[%emt 0:00:07]} 26. Nb3 {[%emt 0:00:02]} Bh6 {[%emt 0:00:06]} 27. Bd2 {[%emt 0:00:01]} bxc5 {[%emt 0:00:10]} 28. bxc5 {[%emt 0:00:03]} Qd8 {[%emt 0:00:10]} 29. Rf1 {[%emt 0:00:11]} Nhf8 {[%emt 0:00:04]} 30. Be3 {[%emt 0:00:14]} Ra4 {[%emt 0:00:01]} 31. Nd2 {[%emt 0:00:03]} Rb8 {[%emt 0:00:09]} 1/2-1/2

[Event "GER-chW Blitz 2019"]
[Site "Magdeburg"]
[Date "2019.05.25"]
[Round "11.7"]
[White "Kushka, Alena"]
[Black "Osmanodja, Filiz"]
[Result "0-1"]
[WhiteElo "2148"]
[BlackElo "2260"]
[Annotator "NA"]
[PlyCount "96"]
[EventDate "2019.05.25"]
[EventType "tourn"]
[EventCountry "GER"]
[SourceTitle "playchess.com"]
[Source "ChessBase"]
[SourceQuality "1"]
[TimeControl "180+2"]

1. d4 {[%emt 0:00:00]} Nf6 {[%emt 0:00:00]} 2. c4 {[%emt 0:00:00]} e6 {[%emt 0:00:00]} 3. Nc3 {[%emt 0:00:02]} Bb4 {[%emt 0:00:00]} 4. f3 {[%emt 0:00:01]} d5 {[%emt 0:00:01]} 5. a3 {[%emt 0:00:01]} Bxc3+ {[%emt 0:00:01]} 6. bxc3 {[%emt 0:00:01]} O-O {[%emt 0:00:05]} 7. cxd5 {[%emt 0:00:04]} exd5 {[%emt 0:00:04]} 8. e3 {[%emt 0:00:01]} c5 {[%emt 0:00:01]} 9. Bd3 {[%emt 0:00:02]} Re8 {[%emt 0:00:02]} 10. Ne2 {[%emt 0:00:01]} Nc6 {[%emt 0:00:13]} 11. O-O {[%emt 0:00:03]} Ne7 {[%emt 0:00:10]} 12. e4 {[%emt 0:00:06]} cxd4 {[%emt 0:00:04]} 13. cxd4 {[%emt 0:00:02]} dxe4 {[%emt 0:00:12]} 14. fxe4 {[%emt 0:00:01]} Bg4 {[%emt 0:00:05]} 15. Be3 {[%emt 0:00:06]} Ned5 {[%emt 0:00:14]} 16. Bg5 {[%emt 0:00:34]} Nc3 {[%emt 0:00:22]} 17. Bxf6 {[%emt 0:00:28]} gxf6 {[%emt 0:00:04]} 18. Qd2 {[%emt 0:00:34]} Bxe2 {[%emt 0:00:50]} 19. Qxc3 {[%emt 0:00:05]} Rc8 {[%emt 0:00:06]} 20. Qxc8 {[%emt 0:00:31]} Qxd4+ {[%emt 0:00:18]} 21. Kh1 {[%emt 0:00:09]} Rxc8 {[%emt 0:00:07]} 22. Bxe2 {[%emt 0:00:01]} Qxe4 {[%emt 0:00:09]} 23. Bf3 {[%emt 0:00:03]} Qe7 {[%emt 0:00:18]} 24. Rfe1 {[%emt 0:00:07]} Qc5 {[%emt 0:00:08]} 25. Bxb7 {[%emt 0:00:03]} Rb8 {[%emt 0:00:02]} 26. Bf3 {[%emt 0:00:02]} Rb2 {[%emt 0:00:02]} 27. Rec1 {[%emt 0:00:06]} Qe3 {[%emt 0:00:02]} 28. Re1 {[%emt 0:00:01]} Qf4 {[%emt 0:00:03]} 29. Re4 {[%emt 0:00:07]} Qf5 {[%emt 0:00:07]} 30. Rae1 {[%emt 0:00:05]} h5 {[%emt 0:00:03]} 31. R4e3 {[%emt 0:00:08]} Qa5 {[%emt 0:00:02]} 32. Be4 {[%emt 0:00:05]} Rb3 {[%emt 0:00:04]} 33. Bf3 {[%emt 0:00:12]} Rxe3 {[%emt 0:00:03]} 34. Rxe3 {[%emt 0:00:01]} Qd2 {[%emt 0:00:01]} 35. Re8+ {[%emt 0:00:04]} Kg7 {[%emt 0:00:00]} 36. h3 {[%emt 0:00:02]} Qc1+ {[%emt 0:00:02]} 37. Kh2 {[%emt 0:00:02]} Qxa3 {[%emt 0:00:01]} 38. Bxh5 {[%emt 0:00:03]} Qd6+ {[%emt 0:00:01]} 39. Kh1 {[%emt 0:00:02]} Qc6 {[%emt 0:00:05]} 40. Re1 {[%emt 0:00:03]} a5 {[%emt 0:00:02]} 41. Bf3 {[%emt 0:00:02]} Qc3 {[%emt 0:00:01]} 42. Re4 {[%emt 0:00:03]} Qa1+ {[%emt 0:00:03]} 43. Kh2 {[%emt 0:00:01]} a4 {[%emt 0:00:01]} 44. Rg4+ {[%emt 0:00:05]} Kf8 {[%emt 0:00:01]} 45. Rb4 {[%emt 0:00:02]} a3 {[%emt 0:00:02]} 46. Rb8+ {[%emt 0:00:01]} Kg7 {[%emt 0:00:01]} 47. Ra8 {[%emt 0:00:03]} a2 {[%emt 0:00:05]} 48. Ra5 {[%emt 0:00:05]} Qe5+ {[%emt 0:00:04]} 0-1

[Event "GER-chW Blitz 2019"]
[Site "Magdeburg"]
[Date "2019.05.25"]
[Round "11.8"]
[White "Schulze, Lara"]
[Black "Sieber, Fiona"]
[Result "1-0"]
[WhiteElo "2160"]
[BlackElo "2250"]
[Annotator "NA"]
[PlyCount "69"]
[EventDate "2019.05.25"]
[EventType "tourn"]
[EventCountry "GER"]
[SourceTitle "playchess.com"]
[Source "ChessBase"]
[SourceQuality "1"]
[TimeControl "180+2"]

1. e4 {[%emt 0:00:00]} e5 {[%emt 0:00:00]} 2. Nf3 {[%emt 0:00:01]} Nc6 {[%emt 0:00:00]} 3. Bc4 {[%emt 0:00:00]} Nf6 {[%emt 0:00:01]} 4. d3 {[%emt 0:00:01]} Be7 {[%emt 0:00:01]} 5. Nc3 {[%emt 0:00:01]} O-O {[%emt 0:00:04]} 6. a3 {[%emt 0:00:01]} d6 {[%emt 0:00:03]} 7. O-O {[%emt 0:00:04]} Nd7 {[%emt 0:00:01]} 8. Nd5 {[%emt 0:00:15]} Nb6 {[%emt 0:00:03]} 9. Ba2 {[%emt 0:00:08]} Bg4 {[%emt 0:00:12]} 10. h3 {[%emt 0:00:07]} Be6 {[%emt 0:00:04]} 11. b4 {[%emt 0:00:15]} Qd7 {[%emt 0:00:04]} 12. Be3 {[%emt 0:00:11]} Kh8 {[%emt 0:00:04]} 13. d4 {[%emt 0:00:36]} exd4 {[%emt 0:00:18]} 14. Nxd4 {[%emt 0:00:02]} Ne5 {[%emt 0:00:23]} 15. Qe2 {[%emt 0:00:28]} Bxd5 {[%emt 0:00:17]} 16. Bxd5 {[%emt 0:00:23]} c6 {[%emt 0:00:15]} 17. Bb3 {[%emt 0:00:01]} Bf6 {[%emt 0:00:08]} 18. Rad1 {[%emt 0:00:06]} Rae8 {[%emt 0:00:02]} 19. Nf5 {[%emt 0:00:09]} Nc8 {[%emt 0:00:03]} 20. Bc5 {[%emt 0:00:14]} Be7 {[%emt 0:00:12]} 21. Nxe7 {[%emt 0:00:15]} Qxe7 {[%emt 0:00:01]} 22. Bd4 {[%emt 0:00:03]} f5 {[%emt 0:00:09]} 23. exf5 {[%emt 0:00:06]} Rxf5 {[%emt 0:00:02]} 24. f4 {[%emt 0:00:04]} Ng6 {[%emt 0:00:05]} 25. Qxe7 {[%emt 0:00:01]} Ncxe7 {[%emt 0:00:05]} 26. g3 {[%emt 0:00:05]} c5 {[%emt 0:00:13]} 27. Bf2 {[%emt 0:00:07]} Nc6 {[%emt 0:00:08]} 28. Rxd6 {[%emt 0:00:02]} cxb4 29. axb4 Nxb4 {[%emt 0:00:10]} 30. Bxa7 {[%emt 0:00:04]} Re2 {[%emt 0:00:11]} 31. Rf2 {[%emt 0:00:01]} Re1+ {[%emt 0:00:10]} 32. Kg2 {[%emt 0:00:02]} Ra1 {[%emt 0:00:21]} 33. Rd8+ {[%emt 0:00:01]} Rf8 {[%emt 0:00:06]} 34. Rxf8+ Nxf8 35. Bc5 1-0